| 000 | 00643nam a2200253 a 4500 | ||
|---|---|---|---|
| 999 |
_c5466 _d5466 |
||
| 001 | 5466 | ||
| 003 | BD-JhCC | ||
| 005 | 20221107134024.0 | ||
| 008 | 171214s19582007au |||| || | 000 0 eng d | ||
| 020 | _a0435503421 | ||
| 035 | _a(BD-JhCC)5466 | ||
| 040 |
_aBD-JhCC _dBD-JhCC |
||
| 041 | _aeng | ||
| 082 |
_a510 _bCLA 2007 |
||
| 100 | _aClarke, L. Harwood | ||
| 245 |
_aOrdinary Level mathematics / _cL. Harwood Clarke, F. G. J. Norton |
||
| 250 | _a7th ed. | ||
| 260 |
_aHeinemann Educational, _b2007. |
||
| 300 |
_a503 p. : _c22 cm. |
||
| 650 | _aMathematics | ||
| 700 | _aNorton, F. G. J. | ||
| 942 |
_2ddc _cBK _01 |
||